header

The History of Philip's War (Record no. 127559)

MARC details
000 -LEADER
fixed length control field 01083nam a2200265Ia 4500
100 1# - MAIN ENTRY--AUTHOR NAME
Personal name Church, Benjamin,
245 14 - TITLE STATEMENT
Title The History of Philip's War
260 ## - PUBLICATION, DISTRIBUTION, ETC. (IMPRINT)
Place of publication Scituate, MA :
Name of publisher Digital Scanning Inc.,
Year of publication c1999.
300 ## - PHYSICAL DESCRIPTION
Number of Pages 365 p.
650 #0 - SUBJECT ADDED ENTRY--TOPICAL TERM
Topical Term King Philip's War, 1675-1676.
856 40 - ELECTRONIC LOCATION AND ACCESS
Uniform Resource Identifier http://site.ebrary.com/lib/rucke/Doc?id=2001502

No items available.

© 2026 Rongo University
Contact us: librarian | system librarian | Rongo university